Normal view
MARC view
Entry Personal Name
001 - CONTROL NUMBER
- control field: 35565
003 - CONTROL NUMBER IDENTIFIER
- control field: dpl
005 - DATE AND TIME OF LATEST TRANSACTION
- control field: 20111018140446.0
008 - FIXED-LENGTH DATA ELEMENTS
- fixed length control field: 111018|||a|||||| | ||| d
040 ## - CATALOGING SOURCE
- Original cataloging agency: dpl
- Transcribing agency: dpl
100 ## - HEADING--PERSONAL NAME
- Personal name: शिरसाठ,विनोद
670 ## - SOURCE DATA FOUND
- Source citation: Work cat.: (dpl): 34729, झपाटलेपण ते जाणतेपण /, 2009
670 ## - SOURCE DATA FOUND
- Source citation: Work cat.: (dpl): 34729, झपाटलेपण ते जाणतेपण /, 2009
